[Event "URS-sf"]
[Site "Voronezh"]
[Date "1991.??.??"]
[Round "?"]
[White "Vekshenkov, Nikolai"]
[Black "Poluljahov, Aleksandr"]
[Result "1/2-1/2"]
[WhiteElo "2390"]
[BlackElo "2360"]

1.c4 Nf6 2.Nc3 c5 3.Nf3 e6 4.g3 b6 5.Bg2 Bb7 6.O-O d6 7.Re1 Be7 8.e4 Nc6
9.d4 cxd4 10.Nxd4 Rc8 11.b3 O-O 12.Be3 a6 13.Rc1 Nxd4 14.Bxd4 Nd7 15.Qd2 Qc7
16.Red1  1/2-1/2

[Event "Vrnjacka Banja"]
[Site "Vrnjacka Banja"]
[Date "1991.??.??"]
[Round "7"]
[White "Maksimenko, Andrei"]
[Black "Marinkovic, Slavisa"]
[Result "1/2-1/2"]
[WhiteElo "2370"]
[BlackElo "2335"]

1.Nf3 Nf6 2.c4 c5 3.Nc3 g6 4.d4 cxd4 5.Nxd4 Bg7 6.e4 d6 7.Be2 O-O 8.O-O Nc6
9.Be3 Bd7 10.Qd2 Nxd4 11.Bxd4 Bc6 12.f3 a5 13.b3 Nd7 14.Be3 Nc5 15.Rab1 Qb6
16.Rfc1 Rfc8 17.a3 Nxb3 18.Bxb6 Nxd2 19.Rb2 Nxc4 20.Bxc4 Bd7 21.Bd5 Bxc3
22.Rbb1 Be5 23.Bxb7 Rxc1+ 24.Rxc1 Rb8 25.Rc7 Be6 26.Ba7 Re8 27.Be3 a4 28.Bc6 Rb8
29.Rxe7 Rb1+ 30.Kf2 Rb2+ 31.Kg1 Rb1+ 32.Kf2  1/2-1/2

[Event "Vrnjacka Banja"]
[Site "Vrnjacka Banja"]
[Date "1991.??.??"]
[Round "14"]
[White "Huzman, Alexander"]
[Black "Marinkovic, Slavisa"]
[Result "1/2-1/2"]
[WhiteElo "2475"]
[BlackElo "2335"]

1.Nf3 Nf6 2.c4 c5 3.Nc3 b6 4.g3 Bb7 5.Bg2 g6 6.O-O Bg7 7.d4 cxd4 8.Qxd4 Nc6
9.Qf4 Qb8 10.Qxb8+ Rxb8 11.Bf4 d6 12.Rac1 O-O 13.Rfd1 Rfd8 14.b3 Ba8 15.Ne1 a6
16.Nd3 Nd7 17.Nd5 Nc5 18.N3b4 Nxb4 19.Nxb4 Bxg2 20.Kxg2 Rb7 21.Nd5 a5 22.Be3 Rc8
23.Rc2 Kf8 24.Rb1 e6 25.Nc3 Bxc3 26.Rxc3 Ke7 27.Rd1 Rd8 28.g4 h5 29.gxh5 gxh5
30.f3 Rg8+ 31.Kh3 Rg6 32.Rg1 Rxg1 33.Bxg1 Rb8 34.Be3 Rg8 35.Rc1 f5 36.a3 Nxb3
37.Rb1 a4 38.Bxb6  1/2-1/2

[Event "Hoogovens-B"]
[Site "Wijk aan Zee"]
[Date "1991.??.??"]
[Round "11"]
[White "Van der Sterren, Paul"]
[Black "Bosboom, Manuel"]
[Result "0-1"]
[WhiteElo "2475"]
[BlackElo "2480"]

1.Nf3 c5 2.c4 Nf6 3.Nc3 b6 4.g3 Bb7 5.Bg2 g6 6.O-O Bg7 7.d4 cxd4 8.Qxd4 O-O
9.Rd1 Ne4 10.Ne5 Nxc3 11.Qxc3 Bxg2 12.Kxg2 Qc7  0-1

[Event "Wuerzburg op"]
[Site "Wuerzburg"]
[Date "1991.??.??"]
[Round "3"]
[White "Zupe, Miran"]
[Black "Schneider, Attila"]
[Result "1/2-1/2"]
[WhiteElo "2325"]
[BlackElo "2385"]

1.Nf3 Nf6 2.c4 c5 3.Nc3 e6 4.e3 b6 5.b3 Bb7 6.Be2 Be7 7.O-O O-O 8.Bb2 d6
9.d4 cxd4 10.Nxd4 a6 11.Rc1 Nbd7 12.Bf3 Qc7 13.Bxb7 Qxb7 14.Qf3 Qxf3 15.gxf3 Rfc8
16.Rfd1 Rc7 17.Kf1 Rac8 18.Ke2 Rc5 19.f4 g6 20.Nf3 Rh5 21.Kf1 Kf8 22.Kg2 Nc5
23.Ne2 Nce4 24.Ng3 Rhc5 25.Nd4 Nxg3 26.hxg3 d5 27.cxd5 Rxc1 28.Rxc1 Rxc1
29.Bxc1 Nxd5 30.Nc6 Ke8 31.Bd2 Bd6  1/2-1/2

[Event "Zalakaros op"]
[Site "Zalakaros"]
[Date "1991.??.??"]
[Round "7"]
[White "Konopka, Michal"]
[Black "Ortel, Endre"]
[Result "1/2-1/2"]
[WhiteElo "2390"]
[BlackElo "2290"]

1.Nf3 Nf6 2.c4 c5 3.Nc3 e6 4.g3 b6 5.Bg2 Bb7 6.O-O Be7 7.d4 cxd4 8.Qxd4 d6
9.Bg5 a6 10.Bxf6 Bxf6 11.Qd3 Qc7 12.Rad1 Be7 13.Ne4 O-O 14.Nfg5 g6 15.Qd4 e5
16.Qd2 Nc6 17.Nc3 Nd4 18.Nf3 Nxf3+ 19.Bxf3 Bxf3 20.exf3 Qxc4 21.Nd5 Bd8 22.b3 Qc8
23.Rc1 Qd7 24.Qd3 b5 25.Rc7 Qe8 26.Rfc1 Kg7 27.R7c6 Qe6 28.Nb4 a5 29.Rxd6 Qe8
30.Nc6 b4 31.Rd7 Rc8 32.Qd5 Bb6 33.Re1 Rc7 34.Nxe5 Rc2 35.Rf1 Rxa2 36.f4 Rc2
37.Qb7 Bd4 38.Nf3 Bf6 39.Qa7 Ra2 40.Ng5 Bxg5 41.fxg5 Qe5 42.h4 Rc2 43.Rb1 Qc5
44.Qxc5 Rxc5 45.Re1 Rfc8 46.Ree7 Rf5 47.f4 Rf8 48.Ra7 Rc5 49.Kg2 Rc3 50.Rxa5 Rxb3
51.Rb5 h6 52.gxh6+ Kxh6 53.Reb7 f5 54.Rxb4 Rxb4 55.Rxb4 Ra8 56.Rb7 Ra2+ 57.Kh3 Ra1
58.Rc7 Rh1+ 59.Kg2 Ra1 60.Rc3 Kh5 61.Rc6  1/2-1/2

[Event "BRA-ch"]
[Site "Curitiba"]
[Date "1992.12.??"]
[Round "3"]
[White "Disconzi da Silva, Rodrigo"]
[Black "Tsuboi, Edson Kenji"]
[Result "1/2-1/2"]
[WhiteElo "2280"]
[BlackElo "2335"]

1.c4 Nf6 2.Nf3 c5 3.Nc3 e6 4.g3 b6 5.Bg2 Bb7 6.d4 cxd4 7.Qxd4 Nc6 8.Qf4 Bb4
9.O-O Bxc3 10.bxc3 O-O 11.Ba3 Re8 12.Bd6 Rc8 13.g4 Ne7 14.Ne5 Bxg2 15.Kxg2 Ng6
16.Qd4 Nxe5 17.Bxe5 d5 18.cxd5 Qxd5+ 19.f3 Rc4 20.Qxd5 Nxd5 21.Rfc1 f6 22.Bg3 Rec8
23.Bf2 Rxc3 24.Rxc3 Rxc3 25.a4 Rc2 26.Kf1 Nc3 27.a5 bxa5 28.Rxa5 Nxe2 29.Be3 Nc3
30.Bf2 Nd5 31.Rxa7 Rc1+ 32.Kg2 Nf4+ 33.Kg3 e5 34.Be3 Ne2+ 35.Kf2 Rc2 36.Kf1 Nc3
37.Bf2 Nd5 38.Bg3 Ne3+ 39.Ke1 Rb2 40.Rd7 Nc2+ 41.Kf1 Ne3+ 42.Kg1 Rb3 43.Kf2 Nc2
44.g5 Nd4 45.gxf6 Rxf3+ 46.Kg2 gxf6 47.Bxe5 fxe5 48.Rxd4 Rf7 49.Rd5 Rf5 50.Rd7 h6
51.Ra7 Kf8 52.Rb7 Rf7 53.Rb5 Re7 54.Kf3 Kf7 55.Ke4 Kf6 56.Ra5 Re6 57.Ra8 Rb6
58.Rf8+ Kg5 59.Kxe5 Rb1 60.Rf5+ Kg4 61.Rf4+ Kh3 62.Rf5  1/2-1/2

[Event "Altensteig"]
[Site "Altensteig"]
[Date "1992.??.??"]
[Round "7"]
[White "Stangl, Markus"]
[Black "Brunner, Lucas"]
[Result "1-0"]
[WhiteElo "2475"]
[BlackElo "2490"]

1.Nf3 Nf6 2.c4 c5 3.Nc3 d5 4.cxd5 Nxd5 5.d4 Nxc3 6.bxc3 g6 7.e4 Bg7 8.Rb1 O-O
9.Be2 b6 10.O-O Bb7 11.Qd3 Ba6 12.Qe3 Qc8 13.Rd1 Bxe2 14.Qxe2 Qa6 15.Kf1 Rc8
16.dxc5 Bxc3 17.Be3 Qxe2+ 18.Kxe2 Nc6 19.Rdc1 Ba5 20.Nd2 Rab8 21.a4 bxc5
22.Rxb8 Nxb8 23.Rxc5 Rxc5 24.Bxc5 Nc6 25.Nb3 Bc7 26.Kd3 Kf8 27.Kc4 a6 28.Kd5 Nd8
29.Bb4 Bxh2 30.Nc5 Bg1 31.Be1 Ne6 32.Nxe6+ fxe6+ 33.Kc6 Ke8 34.Kb6 Kd7 35.Kxa6 Kc6
36.Ka5 Bh2 37.Kb4 Bc7 38.Kc4 e5 39.f3 e6 40.Bc3 Bb8 41.a5 Bd6 42.Bb4 Bc7
43.a6 Bb6 44.Bc3 Bd8 45.a7 Kb7 46.Kb5 Bh4 47.Bxe5 Kxa7 48.Kc6 Ka6 49.Kd6 Kb5
50.Kxe6 Kc4 51.Kf7 Kd3 52.Bf6 Bg3 53.e5 Ke2 54.e6 Bd6 55.Be7 Bc7 56.Bc5 Bd8
57.f4  1-0

[Event "Altensteig"]
[Site "Altensteig"]
[Date "1992.??.??"]
[Round "9"]
[White "Schlosser, Philipp"]
[Black "Gabriel, Christian"]
[Result "1/2-1/2"]
[WhiteElo "2500"]
[BlackElo "2490"]

1.c4 Nf6 2.Nf3 c5 3.Nc3 d5 4.cxd5 Nxd5 5.d4 Nxc3 6.bxc3 g6 7.e3 Bg7 8.Bb5+ Nd7
9.O-O O-O 10.a4 Qc7 11.e4 Rd8 12.h3 b6 13.Qe2 Bb7 14.Bg5 Nf8 15.Rac1 Rac8
16.d5 c4 17.Nd2 h6 18.Be3 e6 19.dxe6 Nxe6 20.Nxc4 Nc5 21.Nd2 Qe7 22.Rfd1 Nxe4
23.Nxe4 Qxe4 24.Rxd8+ Rxd8 25.Qg4 Qxg4  1/2-1/2

[Event "Simferopol/Alushta (Women)"]
[Site "Alushta"]
[Date "1992.??.??"]
[Round "?"]
[White "Lelchuk, Zoja"]
[Black "Prudnikova, Svetlana"]
[Result "0-1"]
[WhiteElo "2335"]
[BlackElo "2335"]

1.c4 c5 2.Nf3 Nf6 3.Nc3 d5 4.cxd5 Nxd5 5.e4 Nb4 6.Bb5+ N8c6 7.d4 cxd4 8.a3 dxc3
9.Qxd8+ Kxd8 10.axb4 cxb2 11.Bxb2 f6 12.e5 Bd7 13.O-O Nxe5 14.Rfd1 Ke8 15.Nd4 Nc6
16.Nb3 e5 17.Na5 Bxb4 18.Nxb7 Ke7 19.Na5 Rhc8 20.Rxd7+ Kxd7 21.Rd1+ Kc7 22.Nxc6 Kb6
23.Nxb4 Kxb5 24.Nd5 Rd8 25.Kf1 Kc4 26.Ne3+ Kb3 27.Rxd8 Rxd8 28.Bc1 a5 29.Ke2 a4
30.Bd2 a3 31.Kd1 a2 32.Nc2 Rc8  0-1

[Event "Wch U26"]
[Site "Antwerp"]
[Date "1992.??.??"]
[Round "3"]
[White "Claesen, Pieter"]
[Black "Langner, Ladislav"]
[Result "1-0"]
[WhiteElo "2230"]
[BlackElo "2345"]

1.c4 Nf6 2.Nc3 c5 3.Nf3 g6 4.d4 cxd4 5.Nxd4 Bg7 6.g3 Qc7 7.Ndb5 Qxc4 8.e4 Qc6
9.Bf4 Na6 10.Bg2 d6 11.Bf3 Qb6 12.Be3 Qa5 13.a3 O-O 14.b4 Qd8 15.Rc1 h5 16.h3 Nd7
17.Bg2 Ne5 18.Qe2 Nc7 19.Nxc7 Qxc7 20.Nd5 Qd8 21.Nc7 Rb8 22.Bxa7 Bd7 23.Bxb8 Qxb8
24.Nd5 e6 25.Nb6 Bc6 26.O-O Qa7 27.Qe3 Bb5 28.Rfd1 Nd3 29.Rc8 Rxc8 30.Nxc8 Qxe3
31.fxe3 Be5 32.Bf1 Nb2 33.Rc1 Bxf1 34.Kxf1 Kf8 35.Nb6 Bxg3 36.Ke2 g5 37.Rc2  1-0

[Event "Wch U26 (Women)"]
[Site "Antwerp"]
[Date "1992.??.??"]
[Round "7"]
[White "Schroeder, Sonja"]
[Black "Vilar Lopez, Monica"]
[Result "1/2-1/2"]
[WhiteElo "2100"]
[BlackElo "2210"]

1.c4 c5 2.Nf3 Nf6 3.Nc3 d5 4.cxd5 Nxd5 5.Nxd5 Qxd5 6.g3 Nc6 7.Bg2 e5 8.O-O Qd6
9.d3 Be7 10.a3 O-O 11.Be3 Nd4 12.b4 Be6 13.bxc5 Nxf3+ 14.Bxf3 Qa6 15.Qb1 Rab8
16.a4 Bd7 17.a5 Bc6 18.Bxc6 bxc6 19.Qc2 Rb5 20.Qc4 Qb7 21.a6 Qc7 22.Rab1 Rfb8
23.Rxb5 Rxb5 24.f4 Bf6 25.Qe4 h6 26.Kg2 Ra5 27.Qc4 exf4 28.gxf4 Qc8 29.h3 Rxa6
30.Rb1 Ra1 31.Rxa1 Bxa1 32.Qa2 Bf6 33.Qxa7 Qe6 34.Bf2 Qxe2 35.Qa8+ Kh7 36.Qxc6 Qxd3
37.Qb7 Qc2 38.Kg1 Qc1+ 39.Kg2 Qc2 40.Kg1 Qc1+ 41.Kg2 Qc2  1/2-1/2

[Event "Auckland"]
[Site "Auckland"]
[Date "1992.??.??"]
[Round "8"]
[White "Rogers, Ian"]
[Black "Noble, Mark Frederick"]
[Result "1-0"]
[WhiteElo "2550"]
[BlackElo "2320"]

1.Nf3 c5 2.c4 Nf6 3.Nc3 d5 4.cxd5 Nxd5 5.e4 Nxc3 6.dxc3 Qxd1+ 7.Kxd1 Nc6
8.Kc2 g6 9.Be3 b6 10.Bb5 Bd7 11.a4 Bg7 12.Rhd1 O-O-O 13.Ng5 Rhf8 14.Nxh7 Rh8
15.Ng5 Rh4 16.Nxf7 Rf8 17.Ng5 Rxh2 18.Rxd7 Kxd7 19.Rd1+ Kc8 20.Bxc6 Rf6 21.Ne6  1-0

[Event "AUT-chT"]
[Site "AUT"]
[Date "1992.??.??"]
[Round "?"]
[White "Titz, Heimo"]
[Black "Mahdi, Khaled"]
[Result "1/2-1/2"]
[WhiteElo "2320"]
[BlackElo "2360"]

1.c4 Nf6 2.Nc3 c5 3.Nf3 g6 4.d4 Bg7 5.e4 O-O 6.Be2 d6 7.O-O Bg4 8.d5 e5 9.Ne1 Bxe2
10.Qxe2 Nbd7 11.Nd3 Qe7 12.Rb1 Nb6 13.Bg5 Nxc4 14.Nxc5 Nb6 15.Nb3 Rfc8 16.Nd2 h6
17.Bh4 Qd7 18.Rfc1 a6 19.b3 Rc5 20.Qd3 Rac8 21.Ne2 Rxc1+ 22.Rxc1 Rxc1+ 23.Nxc1 Qg4
24.Bxf6 Qd1+ 25.Nf1 Qxc1 26.Bh4 Nd7 27.f3 h5 28.Qd2 Qc7 29.Bf2 Bf6 30.h4 Bd8
31.Ne3 Kf8 32.g4 Nf6 33.g5 Nd7 34.Kg2 Ke8 35.Qc2 Qxc2 36.Nxc2 Bb6 37.Ne3 Ke7
38.Kf1 Kd8 39.Ke2 Kc7 40.Bg3 Bd4 41.Nc2 Bg1 42.Ne1 Bc5 43.Nd3 Bd4 44.f4 exf4
45.Bxf4 Nc5 46.Nxc5 Bxc5 47.Bg3 Bd4 48.Kd3 Bb2 49.a4 Kd7 50.Kc4 f6 51.gxf6 Bxf6
52.Kd3 Ke7 53.Ke2 Kd7 54.Kf3 Bc3 55.Ke2  1/2-1/2

[Event "AUT-chT"]
[Site "AUT"]
[Date "1992.??.??"]
[Round "?"]
[White "Baumgartner, Heinz"]
[Black "Klinger, Josef"]
[Result "0-1"]
[WhiteElo "2360"]
[BlackElo "2510"]

1.Nf3 c5 2.c4 Nf6 3.Nc3 e6 4.g3 Be7 5.Bg2 O-O 6.O-O a6 7.d4 cxd4 8.Nxd4 Qc7
9.e4 d6 10.Be3 Nbd7 11.Rc1 Ne5 12.b3 Bd7 13.h3 Rac8 14.Qe2 Qb8 15.Kh1 Rfe8
16.Rfd1 Ng6 17.a4 Bc6 18.Nc2 Nd7 19.Nd4 Nf6 20.Nc2 Bf8 21.Rd2 b6 22.Nd4 Ba8
23.Rd3 Ne5 24.Rd2 Ned7 25.Rb2 Nc5 26.Bd2 g6 27.Rbb1 Bg7 28.Be1 h5 29.Nc2 d5
30.e5 Nfe4 31.cxd5 exd5 32.f4 Nxc3 33.Bxc3 h4 34.gxh4 Ne6 35.Qe3 Nxf4 36.Qxf4 Rxc3
37.Ne3 Bxe5 38.Qg5 d4 39.Ng4 Rxh3+  0-1

[Event "Aviles"]
[Site "Aviles"]
[Date "1992.??.??"]
[Round "?"]
[White "Sanchez Guirado, Francisco"]
[Black "Nedobora, Mikhail"]
[Result "1/2-1/2"]
[WhiteElo "2335"]
[BlackElo "2355"]

1.Nf3 c5 2.c4 Nf6 3.Nc3 b6 4.e4 d6 5.g3 Bb7 6.d3 e6 7.Bg2 Be7 8.O-O O-O 9.Qe2 Nc6
10.h3 a6 11.Be3 Qc7 12.Rfd1 Rab8 13.Rac1 Rbc8 14.d4 cxd4 15.Nxd4 Nxd4 16.Bxd4 Nd7
17.b3 Rfe8 18.Kh2 Qb8 19.f4 Bc6 20.Bf2 Red8 21.Rc2 Bf8 22.Bg1 g6 23.Rcd2 Qc7
24.Bd4 Re8 25.Bg1 Red8 26.Bd4 Ba8 27.Rd3 Re8 28.Bg1 Rcd8 29.e5 Bxg2 30.exd6 Bxd6
31.Qxg2 Be7 32.Qd2  1/2-1/2

[Event "Baden-Baden"]
[Site "Baden-Baden"]
[Date "1992.??.??"]
[Round "10"]
[White "Psakhis, Lev"]
[Black "Huebner, Robert"]
[Result "1/2-1/2"]
[WhiteElo "2570"]
[BlackElo "2630"]

1.c4 c5 2.Nf3 Nf6 3.Nc3 e6 4.g3 b6 5.Bg2 Bb7 6.O-O Be7 7.b3 O-O 8.Bb2 d5
9.e3 Nbd7 10.Qe2 Rc8 11.Rfd1 Qc7 12.Rac1 Qb8 13.cxd5 Nxd5 14.Nxd5 Bxd5 15.e4 Bb7
16.d4 cxd4 17.Rxc8 Rxc8 18.Nxd4 Nc5 19.e5  1/2-1/2

[Event "Balatonbereny op"]
[Site "Balatonbereny"]
[Date "1992.??.??"]
[Round "8"]
[White "Lirindzakis, Timotheos"]
[Black "Pandavos, Panayotis"]
[Result "1/2-1/2"]
[WhiteElo "2325"]
[BlackElo "2430"]

1.c4 c5 2.Nf3 Nf6 3.Nc3 d5 4.cxd5 Nxd5 5.d4 Nxc3 6.bxc3 g6 7.e4 Bg7 8.Be3 O-O
9.Qd2 Qa5 10.Rc1 Bg4 11.Be2 e6 12.d5 exd5 13.exd5 c4 14.O-O Nd7 15.Bg5 Rfe8
16.h3 Bf5 17.Bxc4 Rac8 18.Bb3 Bxc3 19.Qd1 Nc5 20.d6 Nxb3 21.axb3 f6 22.Bxf6 Bxf6
23.d7 Bxd7 24.Qxd7 Rb8 25.Rfe1 Qd8 26.Rxe8+ Qxe8 27.Qd5+ Qf7 28.Qxf7+ Kxf7
29.Rc7+ Ke6 30.Rxh7 a5 31.Kf1 b5 32.Ra7 a4 33.Ra6+ Kf7 34.Ra7+ Ke6 35.Ra6+ Kf7
36.Ra7+ Ke6  1/2-1/2

[Event "Bankia tt"]
[Site "Bankia"]
[Date "1992.??.??"]
[Round "1"]
[White "Ilijev, Mitko"]
[Black "Spassov, Liuben"]
[Result "0-1"]
[WhiteElo "2255"]
[BlackElo "2405"]

1.Nf3 c5 2.c4 Nf6 3.Nc3 d5 4.cxd5 Nxd5 5.g3 Nc6 6.Bg2 Nc7 7.O-O e5 8.d3 Be7
9.Nd2 Bd7 10.Nc4 f6 11.f4 b5 12.Ne3 Rc8 13.Ned5 Nxd5 14.Nxd5 O-O 15.Be3 Be6
16.Nxe7+ Qxe7 17.Rc1 Nd4 18.fxe5 fxe5 19.b3 Rxf1+ 20.Bxf1 Bg4 21.h3 Bh5 22.g4 Bg6
23.Bg2 Re8 24.Bd5+ Kh8 25.Bxd4 exd4 26.Bf3 Qd6 27.Kg2 Bf7 28.Rc2 Bd5 29.Qc1 h6
30.Qf1 Re3 31.Rd2 a5 32.Rc2 c4 33.bxc4 bxc4 34.dxc4 d3 35.Rd2 dxe2 36.Rxe2 Bxf3+
37.Qxf3 Rxf3 38.Kxf3  0-1

[Event "Bankia tt"]
[Site "Bankia"]
[Date "1992.??.??"]
[Round "6"]
[White "Andonov, Bogomil"]
[Black "Antonov, Vladimir"]
[Result "1-0"]
[WhiteElo "2335"]
[BlackElo "2395"]

1.Nf3 Nf6 2.c4 c5 3.Nc3 b6 4.d4 cxd4 5.Nxd4 Bb7 6.f3 a6 7.e4 Qc7 8.Be3 e6
9.Be2 Bd6 10.Qd2 Be7 11.O-O d6 12.Rfc1 O-O 13.a4 Bd8 14.Nb3 Nbd7 15.a5 Qb8
16.axb6 Bxb6 17.Bxb6 Nxb6 18.Na5 Rd8 19.Rd1 Rd7 20.Qe3 Qc7 21.b4 h6 22.Rd2 Nc8
23.Rad1 Rb8 24.c5 d5 25.Nxb7 Qxb7 26.exd5 exd5 27.Nxd5 Nxd5 28.Rxd5 Rxd5
29.Qe8+ Kh7 30.Qe4+ Kg8 31.Rxd5 Qe7 32.Re5  1-0

[Event "Barcelona"]
[Site "Barcelona"]
[Date "1992.??.??"]
[Round "?"]
[White "Kortschnoj, Viktor"]
[Black "Lautier, Joel"]
[Result "1/2-1/2"]
[WhiteElo "2585"]
[BlackElo "2580"]

1.Nf3 Nf6 2.c4 c5 3.Nc3 e6 4.g3 Nc6 5.Bg2 d5 6.cxd5 Nxd5 7.O-O Be7 8.d4 O-O
9.Nxd5 exd5 10.dxc5 Bxc5 11.Bg5 Qb6 12.Rc1 d4 13.Qc2 Bd6 14.Nd2 Be6 15.Nc4 Bxc4
16.Qxc4 h6 17.Bd2 Qxb2 18.Rfd1 Qb6 19.Qa4 Rac8 20.Bxc6 Rxc6 21.Ba5 Qa6 22.Rxc6 bxc6
23.Rxd4 Bc5 24.Rc4  1/2-1/2

[Event "Beersheba-B"]
[Site "Beersheba"]
[Date "1992.??.??"]
[Round "10"]
[White "Tsesarsky, Ilya"]
[Black "Kagan, Igor"]
[Result "1-0"]
[WhiteElo "2450"]
[BlackElo "2380"]

1.Nf3 Nf6 2.c4 c5 3.Nc3 b6 4.e4 Bb7 5.e5 Ne4 6.Nb1 f6 7.d3 Ng5 8.Bxg5 fxg5
9.Nxg5 g6 10.Qg4 Bg7 11.Nxh7 Kf7 12.Ng5+ Kg8 13.f4 Nc6 14.Nc3 Nd4 15.O-O-O a6
16.Be2 Nf5 17.Nge4 Qe8 18.Qf3 d6 19.Nf6+ exf6 20.Qxb7 fxe5 21.fxe5 Bxe5 22.Bf3 Rb8
23.Bd5+ Kf8 24.Qa7 Rh4 25.g3 Rd4 26.Rhf1 b5 27.Bf7 Qxf7 28.Qxb8+ Kg7 29.Ne2 Rxc4+
30.dxc4 Qxc4+ 31.Nc3 Bxc3 32.Qb7+ Kh6 33.Qf3 Be5+ 34.Kb1 Qb4 35.Rf2 Kh7 36.g4 Nd4
37.Qh3+ Kg7 38.Rdf1 Qc4 39.Rf8  1-0

[Event "Beijing"]
[Site "Beijing"]
[Date "1992.??.??"]
[Round "6"]
[White "Xie Jun"]
[Black "Adianto, Utut"]
[Result "1-0"]
[WhiteElo "2480"]
[BlackElo "2475"]

1.c4 Nf6 2.Nc3 c5 3.Nf3 e6 4.d4 cxd4 5.Nxd4 Bb4 6.Nb5 d5 7.a3 Bxc3+ 8.Nxc3 d4
9.Na4 O-O 10.b4 e5 11.Bb2 Nc6 12.g3 Be6 13.Rc1 Bxc4 14.Rxc4 Qd5 15.Rxc6 Qxc6
16.f3 Nd5 17.e4 dxe3 18.Bd3 Rfd8 19.Ke2 Nf6 20.Nc5 a5 21.Qb3 axb4 22.axb4 Qd5
23.Qc2 b6 24.Ne4 Rac8 25.Qb1 Nxe4 26.fxe4 Qd6 27.b5 f5 28.Rd1 Qh6 29.Bxe5 Qe6
30.Bf4 fxe4 31.Bxe4 Rxd1 32.Kxd1 Rc3 33.Ke2 Rb3 34.Qc2 Rxb5 35.Bxh7+ Kh8
36.Bd3 Rc5 37.Qb1 Qg4+ 38.Kxe3 g5 39.Qa1+ Kg8 40.Qa2+ Kg7 41.Qb2+ Kf7 42.Qa2+ Kf6
43.Bd6 Rc6 44.Qa1+  1-0

[Event "Belgrade IKO"]
[Site "Belgrade"]
[Date "1992.??.??"]
[Round "12"]
[White "Levin, Felix"]
[Black "Ostojic, Nikola"]
[Result "1/2-1/2"]
[WhiteElo "2475"]
[BlackElo "2460"]

1.Nf3 Nf6 2.c4 c5 3.Nc3 e6 4.g3 b6 5.Bg2 Bb7 6.O-O Be7 7.Re1 O-O 8.e4 d6
9.d4 cxd4 10.Nxd4 Qc7 11.b3 a6 12.Bb2 Nbd7 13.f4 Rfd8 14.f5 e5 15.Nc2 b5
16.cxb5 axb5 17.Kh1 Qa5 18.b4 Qa6 19.Qe2 Nb6 20.Qxb5 Qxb5 21.Nxb5 Na4 22.Rab1 Rdc8
23.Nca3 Ng4 24.Ba1 Bc6 25.h3 Nf6 26.Rbd1 Ne8 27.Rc1 Nb6 28.Rc2 Kf8 29.h4 Bxb5
30.Rxc8 Nxc8 31.Nxb5 Rxa2 32.Bc3 Nb6 33.Ra1 Rxa1+ 34.Bxa1 Nf6 35.Nc3 g6 36.fxg6 hxg6
37.b5 Nfd7 38.Bb2 f5 39.exf5 gxf5 40.Nd5 Nxd5 41.Bxd5 Nb6 42.Be6 f4 43.Kg2 fxg3
44.Kxg3 Kg7 45.Bc1 d5 46.Bg5 Bxg5 47.hxg5 Kg6 48.Kg4 Nc4 49.Bd7 e4 50.Be8+ Kg7
51.Bc6 e3 52.Kf3 d4 53.Bd5 Nd2+ 54.Ke2 Kg6 55.b6 Kxg5  1/2-1/2

[Event "Bethune op"]
[Site "Bethune"]
[Date "1992.??.??"]
[Round "?"]
[White "Gonzales, Manuel"]
[Black "Bouhallel, Rabah"]
[Result "0-1"]
[WhiteElo "2290"]
[BlackElo "2230"]

1.c4 Nf6 2.Nc3 c5 3.Nf3 e6 4.g3 b6 5.Bg2 Bb7 6.d3 Be7 7.Rb1 O-O 8.O-O d5
9.cxd5 exd5 10.d4 Nbd7 11.b3 Rc8 12.Bb2 c4 13.bxc4 dxc4 14.Rc1 a6 15.e3 b5
16.a3 Qb6 17.Rc2 Rfd8 18.Qb1 a5 19.Bc1 b4 20.axb4 axb4 21.Rb2 Qa5 22.Ra2 Qh5
23.e4 Rb8 24.Bf4 bxc3 25.Bxb8 Bxe4 26.Qc1 Bxf3 27.Bc7 Rc8 28.Bf4 Nd5 29.Ra5 Bxg2
30.Kxg2 Nxf4+  0-1

[Event "Bled op"]
[Site "Bled"]
[Date "1992.??.??"]
[Round "2"]
[White "Mohr, Georg"]
[Black "Adler, Joel"]
[Result "1/2-1/2"]
[WhiteElo "2440"]
[BlackElo "2255"]

1.Nf3 c5 2.c4 Nf6 3.Nc3 b6 4.g3 Bb7 5.Bg2 g6 6.O-O Bg7 7.Re1 O-O 8.e4 Nc6
9.e5 Ne8 10.d4 Nxd4 11.Nxd4 Bxg2 12.Kxg2 cxd4 13.Qxd4 d6 14.Bf4 dxe5 15.Qxd8 Rxd8
16.Bxe5 Bxe5 17.Rxe5 e6 18.c5 Nf6 19.cxb6 axb6 20.Rb5 Rd6 21.Re1 Rc8 22.Re2 Kg7
23.h3 h5 24.Kf3 Rc4 25.Ke3 Rcd4 26.Rc2 h4  1/2-1/2

[Event "SWE-ch"]
[Site "Borlange"]
[Date "1992.??.??"]
[Round "5"]
[White "Ornstein, Axel"]
[Black "Schneider, Lars Ake"]
[Result "1-0"]
[WhiteElo "2435"]
[BlackElo "2455"]

1.c4 Nf6 2.Nc3 e6 3.Nf3 c5 4.g3 Nc6 5.Bg2 d5 6.cxd5 Nxd5 7.O-O Be7 8.d4 O-O
9.e4 Nb6 10.d5 exd5 11.exd5 Nb4 12.Ne5 Bf6 13.f4 Bf5 14.a3 Nc2 15.Ra2 Nd4
16.b4 Qc7 17.g4 Bg6 18.Nxg6 hxg6 19.Ne4 Nxd5 20.bxc5 Rfd8 21.g5 Nb5 22.gxf6 Nbc3
23.Qb3 Nxa2 24.Qxa2 Nxf6 25.Nxf6+ gxf6 26.Qc4 Rac8 27.Be3 Qe7 28.Bd4 Re8
29.Qc3 f5 30.Bd5 Qh4 31.Be5 Re7 32.Bf6 Qg4+ 33.Kh1 Rd7 34.Bh8 Kf8 35.Qg7+ Ke7
36.Qxf7+ Kd8 37.Qf8+ Kc7 38.Be5+  1-0

[Event "Bozen op"]
[Site "Bozen"]
[Date "1992.??.??"]
[Round "2"]
[White "Efimov, Igor"]
[Black "Zelcic, Robert"]
[Result "1-0"]
[WhiteElo "2470"]
[BlackElo "2380"]

1.Nf3 Nf6 2.c4 e6 3.Nc3 c5 4.g3 Nc6 5.Bg2 d5 6.cxd5 exd5 7.d4 Be7 8.O-O O-O
9.Bf4 Bg4 10.dxc5 Bxc5 11.Rc1 d4 12.Na4 Bd6 13.Bxd6 Qxd6 14.Nc5 b6 15.Nd3 Rac8
16.Qd2 Qe6 17.a3 Bxf3 18.Bxf3 Ne5 19.Nxe5 Qxe5 20.Rfd1 Rxc1 21.Rxc1 h6 22.Qd3 Nh7
23.h4 Rd8 24.b4 Nf8 25.Qe4 Qxe4 26.Bxe4 g6 27.Rc7 Rd7 28.Rc8 Kg7 29.Kf1 Ne6
30.Ke1 f5 31.Bd3 f4 32.Rc6 Re7 33.Kd2 fxg3 34.fxg3 h5 35.a4 Nf8 36.a5 bxa5
37.bxa5 Ne6 38.a6 Kf6 39.Bc4 Kf5 40.Kd3 Nd8 41.Rc5+ Kf6 42.Rd5 Nf7 43.Kxd4 g5
44.e4 gxh4 45.Rf5+ Kg7 46.Bxf7 hxg3 47.Bxh5 g2 48.Rg5+ Kh6 49.Rxg2 Kxh5 50.e5 Re6
51.Kd5 Rxa6 52.e6 Ra1 53.Re2 Rd1+ 54.Kc6 Rc1+ 55.Kb7  1-0

[Event "Bratislava op"]
[Site "Bratislava"]
[Date "1992.??.??"]
[Round "6"]
[White "Grunberg, Sergiu Henric"]
[Black "Slekys, Emilis"]
[Result "1/2-1/2"]
[WhiteElo "2345"]
[BlackElo "2340"]

1.Nf3 Nf6 2.c4 c5 3.Nc3 d5 4.cxd5 Nxd5 5.e4 Nxc3 6.dxc3 Qxd1+ 7.Kxd1 Bg4
8.Be2 Nc6 9.Be3 b6 10.a4 e6 11.Kc2 Bxf3 12.Bxf3 O-O-O 13.Be2 Kb7 14.Rhd1 Be7
15.f4 Rxd1 16.Rxd1 Rd8 17.Rf1 Na5 18.g4 Kc7 19.h4 f6 20.b3 Bd6 21.Rg1 h6
22.Rf1 e5 23.f5 Be7 24.Rg1 Rh8 25.Bf2 Rd8 26.Bg3 Rh8 27.Be1 Bd8 28.Bd2 Be7
29.Bb5 Bd8 30.Rg3 Be7 31.Rh3 Nb7 32.Bc4 Nd6 33.Bd5 a5 34.Kd3 Kb8 35.Be3 Ka7
36.Rg3 Ka6 37.Rg1 Re8 38.Ke2 Rc8 39.g5 hxg5 40.hxg5 Rh8 41.gxf6 Bxf6 42.Bg5 Rh2+
43.Kd1 Ra2 44.Rg4 c4 45.Bxf6 cxb3 46.Bxb3 Ra1+ 47.Kc2 gxf6 48.Rg8 b5 49.Bd5 Rxa4
50.Kd3 Kb6 51.Rf8 Kc5 52.Rxf6 b4 53.cxb4+ axb4 54.Re6 Ra3+ 55.Kd2 b3  1/2-1/2

[Event "Brno"]
[Site "Brno"]
[Date "1992.??.??"]
[Round "4"]
[White "Kortschnoj, Viktor"]
[Black "Bischoff, Klaus"]
[Result "1/2-1/2"]
[WhiteElo "2575"]
[BlackElo "2510"]

1.c4 Nf6 2.Nc3 c5 3.Nf3 e6 4.g3 b6 5.Bg2 Bb7 6.O-O Be7 7.b3 O-O 8.Bb2 d6
9.e3 Nbd7 10.d4 Ne4 11.Nxe4 Bxe4 12.Qe2 Qc7 13.Rfd1 Qb7 14.Ne1 Bxg2 15.Nxg2 Nf6
16.Rac1 cxd4 17.Bxd4 Rfd8 18.h4 Rac8 19.Rc2  1/2-1/2

[Event "Donau Cup op"]
[Site "Budapest"]
[Date "1992.??.??"]
[Round "4"]
[White "Hardicsay, Peter"]
[Black "Szalanczy, Emil"]
[Result "1-0"]
[WhiteElo "2355"]
[BlackElo "2420"]

1.c4 c5 2.Nf3 Nf6 3.Nc3 g6 4.d4 Bg7 5.e4 O-O 6.Be2 d6 7.O-O Nc6 8.d5 Na5
9.Bf4 b6 10.h3 e5 11.dxe6 Bxe6 12.Bxd6 Re8 13.e5 Nd7 14.b3 Nc6 15.Rc1 Ndxe5
16.Nb5 Rc8 17.Bxe5 Nxe5 18.Nd6 Re7 19.Nxc8 Qxc8 20.Nxe5 Bxe5 21.Bg4 Bxg4
22.Qxg4 Qe8 23.Rcd1 h5 24.Qh4 Kg7 25.Rd5 Bf6 26.Qg3 Re2 27.a4 Be5 28.Qf3 Bd4
29.g3 Rc2 30.Rxd4 cxd4 31.Qd3 Qe2 32.Qxd4+ Kg8 33.a5 Rd2 34.Qf4 bxa5 35.Qb8+ Kg7
36.Qxa7 h4 37.Qxa5 hxg3 38.Qc3+  1-0

[Event "Statisztika IM"]
[Site "Budapest"]
[Date "1992.??.??"]
[Round "4"]
[White "Izsak, Gyula"]
[Black "Koerholz, Ludger"]
[Result "1-0"]
[WhiteElo "2330"]
[BlackElo "2255"]

1.c4 Nf6 2.Nf3 c5 3.Nc3 g6 4.g3 Bg7 5.Bg2 O-O 6.O-O Nc6 7.d4 d6 8.dxc5 dxc5
9.Be3 Qa5 10.Nd5 e6 11.Nc3 Ng4 12.Bd2 Nd4 13.e3 Nxf3+ 14.Qxf3 Ne5 15.Qe2 Qa6
16.b3 Bd7 17.Ne4 b6 18.Bc3 f5 19.Rad1 Bc6 20.Qb2 Bxe4 21.Bxe4 Nxc4 22.bxc4 Bxc3
23.Qxc3 fxe4 24.Rd7 Rf7 25.Rfd1 Re8 26.Rd8 Re7 27.Qf6 Qa4 28.Kg2 Rxd8 29.Rxd8+ Re8
30.Qxe6+ Kf8 31.Qf6+ Kg8 32.Rd6 Rf8 33.Qe6+ Kh8 34.Rd7 Rxf2+ 35.Kxf2 Qc2+
36.Kg1 Qd1+ 37.Rxd1  1-0

[Event "Inauguracio op"]
[Site "Buenos Aires"]
[Date "1992.??.??"]
[Round "?"]
[White "Arkhipov, Sergey"]
[Black "Alexandria, Nana"]
[Result "1-0"]
[WhiteElo "2515"]
[BlackElo "2310"]

1.c4 Nf6 2.Nc3 c5 3.Nf3 e6 4.e3 b6 5.d4 Bb7 6.d5 exd5 7.cxd5 g6 8.e4 d6 9.Bb5+ Nbd7
10.Bg5 h6 11.Bxf6 Qxf6 12.O-O a6 13.Bc6 O-O-O 14.Qa4 Nb8 15.Qb3 Kc7 16.Bxb7 Kxb7
17.Nd2 Qe7 18.Nc4 Qc7 19.f4 b5 20.a4 b4 21.e5 f5 22.e6 Kc8 23.Ne2 Bg7 24.a5 Kb7
25.Kh1 Rhe8 26.Ng1 Nc6 27.dxc6+ Qxc6 28.Nb6 d5 29.Rad1 d4 30.Rfe1 Rd6 31.e7 Bf6
32.Nf3 Rxe7 33.Rxe7+ Bxe7 34.Qf7 Re6 35.Ne5 Qd6 36.Nec4 Qc6 37.Qg8 Ka7 38.Ne5  1-0